Continent par Population - Sprint - Statistiques

Statistiques générales
  • Ce quiz a été pris 534 fois
  • Le résultat moyen est 5 sur 7
Statistiques - réponses
Population (en habitants) Pourcentage Continent % Correct
4 436 224 000 61 % Asie
100%
1 216 130 000 16 % Afrique
95%
738 849 000 10 % Europe
86%
528 750 000 7 % Amérique du Nord
66%
410 013 000 5 % Amérique du Sud
54%
39 901 000 0,5 % Océanie
42%
1 500 0,00002 % Antarctique
22%
Aucun quiz correspondant
Distribution des résultats
% des personnes avec chaque résultat
Percentile par nombre de réponses
Votre historique - résultats
Vous n’avez pas pris ce quiz